000 00403nam a22001577a 4500
020 _a81-7181-568-5
082 _a823
_bJOS/M
100 _aJOSEPH, MARY
245 _aI VALUE PEACE
_bSHORT STORY
246 _aI VALUE PEACE
_bSHORT STORY
260 _aDELHI
_bLEARNERS PRESS PRIVATE LIMITED
_c2002
300 _a46
520 _aSTORY RELATED TO VALUES
650 _aSTORY RELATED TO VALUES
942 _cBK
999 _c2734
_d2734